Statistics for The Office Trivia (Expert)

Click here to take the quiz!

General Stats

  • This quiz has been taken 9,025 times
  • The average score is 9 of 15

Answer Stats

HintAnswer% Correct
What did Dwight capture on Meredith's head?Bat
95%
Who does Stanley's daughter Melissa flirt with?Ryan
94%
Who gets a tattoo on their butt?Andy
90%
Who asks Meredith what type of pain medication she is on when she is in the hospital?Creed Bratton
84%
Where does Michael take Jim out for lunch?Hooter's
81%
What presentation tool does Oscar use to show Michael his financial situation?Microsoft PowerPoint
75%
Who buys Dunder Mifflin-Sabre?David Wallace
73%
What item of Andy's does Jim put in jello?Calculator
69%
What does Michael initially order at this restaurant?Chicken breast, hold the chicken.
67%
What is the name of the bar the characters go to?Poor Richard's Pub
65%
Where does Jan's sister live?Scottsdale, Arizona
38%
When everyone goes to Gettysburg, what movie do they watch on the bus?Limitless
33%
What does the bumper sticker on Dwight's filing cabinet advertise?Froggy 101
32%
What is Angela's middle name?Noelle
21%
When is Michael's birthday?March 15
16%

Score Distribution

Percentile by Number Answered

Percent of People with Each Score

Your Score History

You have not taken this quiz